000 01509nam a2200385Ia 4500
001 ebr10135728
003 CaPaEBR
006 m u
007 cr cn|||||||||
008 030723s2004 nyua sb 001 0 eng d
010 _z 2003060161
020 _z1403982600
020 _z1403964254 (cl)
020 _z1403964246 (pbk.)
040 _aCaPaEBR
_cCaPaEBR
035 _a(OCoLC)560470918
050 1 4 _aF1874
_b.C663 2004eb
082 0 4 _a306.4/846/097292
_222
100 1 _aCooper, Carolyn,
_d1950-
245 1 0 _aSound clash
_h[electronic resource] :
_bJamaican dancehall culture at large /
_cCarolyn Cooper.
260 _aNew York :
_bPalgrave Macmillan,
_c2004.
300 _aix, 348 p. :
_bill.
504 _aIncludes bibliographical references (p. [303]-328) and index.
533 _aElectronic reproduction.
_bPalo Alto, Calif. :
_cebrary,
_d2007.
_nAvailable via World Wide Web.
_nAccess may be limited to ebrary affiliated libraries.
650 0 _aMusic and dance
_zJamaica
_xHistory.
650 0 _aPopular music
_zJamaica
_xHistory and criticism.
650 0 _aDance halls
_xSocial aspects
_zJamaica.
650 0 _aWomen dancers
_xSexual behavior
_zJamaica.
650 0 _aRagga (Music)
650 0 _aPopular culture
_zJamaica.
651 0 _aJamaica
_xSocial life and customs.
655 7 _aElectronic books.
_2local
710 2 _aebrary, Inc.
856 4 0 _uhttp://site.ebrary.com/lib/rucke/Doc?id=10135728
_zAn electronic book accessible through the World Wide Web; click to view
999 _c189328
_d189328